Dạy lớp 3 theo chương trình tiểu học mới : Tài liệu bồi dưỡng giáo viên.
Shranjeno v:
| Format: | Sách giấy |
|---|---|
| Jezik: | Vietnamese |
| Izdano: |
H. :
Giáo dục,
2006.
|
| Izdaja: | Tái bản lần thứ nhất. |
| Serija: | Dự án phát triển giáo viên tiểu học
|
| Teme: | |
| Oznake: |
Označite
Brez oznak, prvi označite!
|
| Thư viện lưu trữ: | Thư viện Trường Đại học Đà Lạt |
|---|
| LEADER | 00799nam a2200301 4500 | ||
|---|---|---|---|
| 001 | DLU120133682 | ||
| 005 | ##20120413 | ||
| 040 | # | # | |a DLU |b vie |
| 041 | # | # | |a vie |
| 044 | # | # | |a vn |
| 082 | # | # | |a 372.19 |b Day |
| 245 | # | # | |a Dạy lớp 3 theo chương trình tiểu học mới : |b Tài liệu bồi dưỡng giáo viên. |
| 250 | # | # | |a Tái bản lần thứ nhất. |
| 260 | # | # | |a H. : |b Giáo dục, |c 2006. |
| 300 | # | # | |a 264 tr. ; |c 29 cm. |
| 490 | # | # | |a Dự án phát triển giáo viên tiểu học |
| 650 | # | # | |a Giảng dạy ở trường tiểu học. |
| 923 | # | # | |a 01/2012SP |
| 991 | # | # | |a GT |
| 992 | # | # | |a 0 |
| 994 | # | # | |a KSP |
| 900 | # | # | |a True |
| 911 | # | # | |a Nguyễn Thanh Hương |
| 925 | # | # | |a G |
| 926 | # | # | |a A |
| 927 | # | # | |a SH |
| 980 | # | # | |a Thư viện Trường Đại học Đà Lạt |